Sam bebiri berpindah

Bibliographic Details
Format: Book
Published: [s.n.] : Penerbitan sinar suria , 19..
Series:Siri pembaca muda
Subjects:

MARC

LEADER 00000cam a2200000 7i4500
001 0000077874
005 20220105103835.0
008 180117
020 |a 9830410218 
090 0 0 |a JP   |b MAL 
245 0 0 |a Sam bebiri berpindah 
260 |a [s.n.] :   |b Penerbitan sinar suria ,   |c 19.. 
300 |a [s.n] :   |b Col. ill 
490 1 |a Siri pembaca muda 
500 |a Children age 4-6 years old (yellow) 
650 0 |a Malay fiction 
999 |a 0000573739   |b Book   |c Children Collection   |e Cawangan Pontian 
999 |a 0000573742   |b Book   |c Children Collection   |e Cawangan Pontian 
999 |a 0000775168   |b Book   |c Children Collection   |e Cawangan Pontian 
999 |a 0000775171   |b Book   |c Children Collection   |e Cawangan Pontian 
999 |a 0000787780   |b Book   |c Children Collection   |e Cawangan Segamat 
999 |a 0000787783   |b Book   |c Children Collection   |e Cawangan Segamat